00282nam a2200121Ia 4500008004100000082001700041100001700058245001700075250000800092260003300100300001000133650001700143150201s2010 xx 000 0 und d a616.01bM10K aKHAN , JOHRA aMICROBIOLOGY a1ST bVIKAS PUBLICATIONaGGNc2010 a1-152 aMICROBIOLOGY